Top 170 Länder nach Einwohner - Statistiken

Allgemein
  • Dieses Quiz wurde 6 mal gespielt
  • Das Durchschnittsergebnis liegt bei 110 aus 170
Antwortstatistiken
Anzahl Einwohner (2022) Länder % Korrekt
1'436'600'000 China
100%
1'417'200'000 Indien
100%
38'800'000 Kanada
100%
127'500'000 Mexiko
100%
41'100'000 Afghanistan
83%
103'500'000 Ägypten
83%
2'800'000 Albanien
83%
35'600'000 Angola
83%
46'200'000 Argentinien
83%
25'800'000 Australien
83%
11'600'000 Belgien
83%
214'800'000 Brasilien
83%
1'980'000 Chile
83%
5'200'000 Costa Rica
83%
5'873'420 Dänemark
83%
99'000'000 Demokratische Republik Kongo
83%
83'300'000 Deutschland
83%
65'800'000 Frankreich
83%
10'600'000 Griechenland
83%
67'600'000 Grossbritannien
83%
275'500'000 Indonesien
83%
5'100'000 Irland
83%
9'500'000 Israel
83%
58'900'000 Italien
83%
124'900'000 Japan
83%
19'200'000 Kasachstan
83%
54'000'000 Kenia
83%
6'800'000 Kirgistan
83%
11'100'000 Kuba
83%
7'500'000 Laos
83%
700'000 Luxemburg
83%
36'700'000 Marokko
83%
5'100'000 Neuseeland
83%
17'700'000 Niederlande
83%
26'200'000 Niger
83%
218'500'000 Nigeria
83%
26'100'000 Nordkorea
83%
5'400'000 Norwegen
83%
9'000'000 Österreich
83%
235'800'000 Pakistan
83%
6'000'000 Republik Kongo
83%
144'300'000 Russland
83%
36'700'000 Saudi-Arabien
83%
10'500'000 Schweden
83%
8'800'000 Schweiz
83%
6800'000 Serbien
83%
47'400'000 Spanien
83%
60'600'000 Südafrika
83%
51'600'000 Südkorea
83%
22'100'000 Syrien
83%
66'800'000 Thailand
83%
11'800'000 Tunesien
83%
85'200'000 Türkei
83%
41'000'000 Ukraine
83%
9'400'000 Vereinigte Arabische Emirate
83%
332'800'000 Vereinigte Staaten
83%
3'000'000 Armenien
67%
10'200'000 Aserbaidschan
67%
171'200'000 Bangladesch
67%
9'200'000 Belarus
67%
13'400'000 Benin
67%
800'000 Bhutan
67%
12'200'000 Bolivien
67%
3'400'000 Bosnien und Herzegowina
67%
1'200'000 Eswatini
67%
5'600'000 Finnland
67%
3'700'000 Georgien
67%
17'800'000 Guatemala
67%
11'600'000 Haiti
67%
9'600'000 Honduras
67%
44'500'000 Irak
67%
88'600'000 Iran
67%
2'800'000 Jamaika
67%
33'700'000 Jemen
67%
11'200'000 Jordanien
67%
49'100'000 Kolumbien
67%
3'800'000 Kroatien
67%
5'500'000 Libanon
67%
6'800'000 Libyen
67%
32'700'000 Malaysia
67%
22'600'000 Mali
67%
3'500'000 Moldau
67%
600'000 Montenegro
67%
54'200'000 Myanmar
67%
2'600'000 Namibia
67%
30'900'000 Nepal
67%
1'800'000 Nordmazedonien
67%
4'600'000 Oman
67%
9'300'000 Papua-Neuguinea
67%
6'800'000 Paraguay
67%
33'400'000 Peru
67%
115'600'000 Philippinen
67%
38'000'000 Polen
67%
10'300'000 Portugal
67%
13'800'000 Ruanda
67%
20'000'000 Sambia
67%
17'900'000 Senegal
67%
16'300'000 Simbabwe
67%
5'500'000 Singapur
67%
5'400'000 Slowakei
67%
2'100'000 Slowenien
67%
17'600'000 Somalia
67%
46'900'000 Sudan
67%
10'900'000 Südsudan
67%
10'000'000 Tadschikistan
67%
17'700'000 Tschad
67%
10'500'000 Tschechien
67%
6'400'000 Turkmenistan
67%
9'700'000 Ungarn
67%
3'600'000 Uruguay
67%
35'600'000 Usbekistan
67%
28'300'000 Venezuela
67%
1'300'000 Zypern
67%
44'900'000 Algerien
50%
1'700'000 Äquatorialguinea
50%
123'400'000 Äthiopien
50%
400'000 Bahamas
50%
2'600'000 Botswana
50%
6'800'000 Bulgarien
50%
12'900'000 Burundi
50%
11'200'000 Dominikanische Republik
50%
1'100'000 Dschibuti
50%
28'200'000 Elfenbeinküste
50%
1'300'000 Estland
50%
900'000 Fidschi
50%
2'400'000 Gabun
50%
2'700'000 Gambia
50%
33'500'000 Ghana
50%
13'900'000 Guinea
50%
2'100'000 Guinea-Bissau
50%
800'000 Guyana
50%
16'800'000 Kambodscha
50%
27'900'000 Kamerun
50%
600'000 Kap Verde
50%
2'700'000 Katar
50%
4'100'000 Kuwait
50%
2'300'000 Lesotho
50%
1'900'000 Lettland
50%
2'800'000 Litauen
50%
4'700'000 Mauretanien
50%
33'000'000 Mosambik
50%
6'700'000 Nicaragua
50%
1'300'000 Osttimor
50%
4'400'000 Panama
50%
19'000'000 Rumänien
50%
22'400'000 Sri Lanka
50%
600'000 Suriname
50%
23'200'000 Taiwan
50%
65'500'000 Tansania
50%
8'800'000 Togo
50%
47'200'000 Uganda
50%
99'400'000 Vietnam
50%
1'500'000 Bahrain
33%
400'000 Belize
33%
22'700'000 Burkina Faso
33%
18'000'000 Ecuador
33%
6'300'000 El Salvador
33%
3'700'000 Eritrea
33%
800'000 Komoren
33%
5'300'000 Liberia
33%
29'600'000 Madagaskar
33%
20'400000 Malawi
33%
600'000 Malediven
33%
500'000 Malta
33%
1'300'000 Mauritius
33%
3'400'000 Mongolei
33%
8'700'000 Sierra Leone
33%
1'400'000 Trinidad und Tobago
33%
700'000 Salomonen
17%
5'600'000 Zentral­afrikanische Republik
0%
Keine übereinstimmenden Quizze gefunden
Verteilung der Resultate
Anzahl Personen mit jedem Resultat
Perzentil nach korrekt beantworteten Fragen
Ihre Resultats-Entwicklung
Sie haben dieses Quiz noch nicht gespielt